Rubber footwear. Part I. (Record no. 46146)

MARC details
000 -LEADER
fixed length control field 00252nam a2200109Ia 4500
100 ## - MAIN ENTRY--AUTHOR NAME
Personal name Trivedi NN
245 #0 - TITLE STATEMENT
Title Rubber footwear. Part I.
260 ## - PUBLICATION, DISTRIBUTION, ETC. (IMPRINT)
Name of publisher Rubber India
Year of publication 1967
300 ## - PHYSICAL DESCRIPTION
Number of Pages 23-30
942 ## - ADDED ENTRY ELEMENTS (KOHA)
Koha item type Reprints
Holdings
Withdrawn status Lost status Damaged status Not for loan Home library Current library Date acquired Serial Enumeration / chronology Koha item type
      Reprints RRII Library RRII Library 22/12/2021 Volume Janua, Issue Reprints